| 000 | 01266cam a2200337 i 4500 | ||
|---|---|---|---|
| 999 |
_c21781 _d21781 |
||
| 001 | 18145567 | ||
| 003 | OSt | ||
| 005 | 20200608094022.0 | ||
| 008 | 140509s2014 ii b 001 0 eng | ||
| 010 | _a 2014017762 | ||
| 020 | _a9788132118473 (hardback : alk. paper) | ||
| 040 |
_aDLC _beng _coclc _erda _dD LC |
||
| 042 | _apcc | ||
| 043 | _aa-ii--- | ||
| 050 | 0 | 0 |
_aHX393.5 _b.G83 2014 |
| 082 | 0 | 0 |
_a320.954 _223 _bGUD/M |
| 100 |
_aGudavarthy, Ajay _92594 |
||
| 245 | 1 | 0 |
_aMaoism, democracy and globalisation : _bcross-currents in Indian politics / _cAjay Gudavarthy. |
| 264 | 1 |
_aNew Delhi ; _aThousand Oaks : _bSAGE Publications, _c[2014] |
|
| 300 |
_axii, 243 pages ; _c22 cm |
||
| 336 |
_atext _btxt _2rdacontent |
||
| 337 |
_aunmediated _bn _2rdamedia |
||
| 338 |
_avolume _bnc _2rdacarrier |
||
| 504 | _aIncludes bibliographical references (pages 224-235) and index. | ||
| 650 | 0 |
_aDemocracy _zIndia. |
|
| 650 | 0 |
_aGlobalization _zIndia. |
|
| 651 | 0 |
_aIndia _xPolitics and government _y1977- |
|
| 906 |
_a7 _bcbc _corignew _d1 _eecip _f20 _gy-gencatlg |
||
| 942 |
_2ddc _cBK _h320.954 _iGUD/M _k320.954 _mGUD/M |
||